000 00535nam a2200181Ia 4500
001 9643
005 20260306161733.0
008 260306t2001||||xx |||||||||||||| ||spa||
041 _aESP
082 _a384.6
_bO82
100 _aPerú. Organismo Supervisor de Inversión Privada en Telecomunicaciones
_eAUT
245 0 _aContratos de concesión con CPT S.A. y Entel Perú S.A. (hoy Telefónica del Perú S.A.A.
260 _c2001
300 _a297 páginas :
_c23 cm.
650 _aGEN
654 _aCAN
942 _cLIB
_dJUS
_fJUS
_2ddc
_n
999 _c9643
_d9643